Finančná kontrola

Bibliographic Details
Main Authors: Oláh, Michal, 1931- (Author), Šidelský, Ľubomír (Author), Cibák, Ľuboš (Author)
Format: Book
Language:Slovak
PhysicalDescription:240 s. sch., tab. 22 cm
Published: Bratislava Sprint dva 2011
ISBN:9788089393404
Edition:1. vyd.
Series:Economics
Subjects:

MARC

LEADER 00000cam a2200000 a 4500
001 vtls010211068
003 SK-MaSNL
005 20260301131716.0
008 240315s2011 xo l d p 000 0 slo
015 |a SNBA2011/04-02309 
020 |a 9788089393404  |q (viaz.) 
035 |a A6BACB79-CD0C-4AFE-BDBC-FFDACEF09395 
035 |a urn:nbn:sk:snk-amlef3 
035 |a urn:nbn:sk:snk-am008ybq 
040 |a SNK  |b slo  |c SNK  |e AACR2 
041 0 |a slo 
044 |a xo  |c SK 
072 7 |a 35.07  |x Organizácia a riadenie verejenej správy  |2 konspekt 
080 |a 35.078.3:336  |2 2001 
080 |a 35  |2 2001 
080 |a (075.8)  |2 2001 
100 1 |a Oláh, Michal,  |d 1931-  |4 aut  |9 109804 
245 1 0 |a Finančná kontrola  |c Michal Oláh, Ľubomír Šidelský, Ľuboš Cibák 
250 |a 1. vyd. 
260 |a Bratislava  |b Sprint dva  |c 2011 
300 |a 240 s.  |b sch., tab.  |c 22 cm 
490 1 |a Economics 
504 |a Bibliogr. s. 237-239. Zoz. sch., obr. a tab. 
650 0 7 |a finančná kontrola  |2 SNKPH  |9 74203 
650 0 7 |a Financial control  |2 SNKPHeng  |9 312805 
650 0 7 |a Public sector  |2 SNKPHeng  |9 332399 
650 0 7 |a verejná správa  |2 SNKPH  |9 1538 
655 7 |a učebnice vysokých škôl  |2 SNKPH  |9 70191 
655 7 |a Textbooks (higher)  |2 SNKPHeng  |9 276436 
700 1 |a Šidelský, Ľubomír  |4 aut  |9 480028 
700 1 |a Cibák, Ľuboš  |4 aut  |9 351707 
830 0 |a Economics  |9 318644 
852 |a Štátna vedecká knižnica v Banskej Bystrici 
919 |a 978-80-89393-40-4 
958 |a OND 
958 |a NB 
968 |d 35/354 
999 |c 748879  |d 750809 
952 |a SNK  |b SNK  |y PREZ  |7 0  |p 17A0690257  |o snkSC 144320  |i snk2011/4810  |8 0  |0 0  |1 0  |4 0  |d 2011-03-03  |f 1  |l 0  |r 2025-07-11 00:00:00  |w 2026-02-23 
952 |a SNK  |b SNK  |y VYP  |7 0  |p 17A0690258  |o snkSC 144320 D1  |i snk2011/4811  |8 0  |0 0  |1 0  |4 0  |d 2011-03-03  |l 0  |r 2026-02-23 23:24:08  |w 2026-02-23